| 000 | 00000nam##2200000za#4500 |
| 001 | 9.699891 |
| 003 | CaOODSP |
| 005 | 20210625000603 |
| 007 | cr ||||||||||| |
| 008 | 150407|1976||||xxc|||||o f|0| 0 eng|d |
| 040 | |aCaOODSP|beng |
| 043 | |an-cn--- |
| 086 | 1 |aW31-30/1976E-PDF |
| 110 | 1 |aCanada. |bPublic Works and Government Services Canada. |
| 245 | 10|aReport of the Advisory Commission on Parliamentary Accommodation / |h[electronic resource]|cThe Honourable D.C. Abbott, P.C., Q.C., chairman. |
| 260 | |aOttawa - Ontario : |bPublic Works and Government Services Canada |cNovember 1976. |
| 300 | |a132p.|bfigs., graphs, map, tables |
| 500 | |aHistorical publication digitized in 2012 by the Privy Council Office of Canada. |
| 504 | |aBibliography. |
| 590 | |a15-04-Supp|b2015-03-19 |
| 690 | 07|aCommissions of inquiry|2gcpds |
| 690 | 07|aParliament|2gcpds |
| 690 | 07|aProperty management|2gcpds |
| 775 | 08|tRapport de la Commission consultative des locaux parlementaires / |w(CaOODSP)9.643845 |
| 856 | 40|ahttp://publications.gc.ca|qPDF|s5.48 MB|uhttps://publications.gc.ca/collections/collection_2014/tpsgc-pwgsc/W31-30-1976-eng.pdf |